| 000 | 00922nam a22002657a 4500 | ||
|---|---|---|---|
| 005 | 20240221144524.0 | ||
| 008 | 240221s2024 xxk||||| |||| 00| 0 eng d | ||
| 041 | _aeng | ||
| 245 |
_aBDO PropCost 2023 Offices and Shopping Centres: _ban analysis of service charge data |
||
| 260 |
_bBDO & RICS, _cFebruary 2024 |
||
| 300 | _a72p. | ||
| 500 | _aDeveloped in Association with RICS | ||
| 650 | _aSERVICE CHARGES | ||
| 650 | _aPROPERTY MARKET | ||
| 650 | _aMARKET DATA | ||
| 650 | _aOFFICES | ||
| 650 | _aSHOPPING CENTRES | ||
| 690 |
_96227 _aCommercial property |
||
| 700 | _aBagust, Paul | ||
| 700 | _aPringle, Simon | ||
| 710 | 2 |
_96028 _aBDO |
|
| 710 |
_94900 _aRoyal Institution of Chartered Surveyors |
||
| 856 |
_uhttps://www.bdo.co.uk/getmedia/8212579a-3829-46ca-b917-d173303154b8/BDO-PropCost-2023-Offices-Shopping-Centres-Feb-2024.pdf _zAvailable to download on submission of form |
||
| 942 | _cBOOK | ||
| 999 |
_c121807 _d121807 |
||